Loading...
Science - Biology | 1 | 3 | 0 | 0 | 45 | 48 | 71.25 | 4 | 4 |
Social Science | 0 | 5 | 1 | 3 | 45 | 76 | 109.60 | 2 | 5 |
Beliefs | 0 | 4 | 0 | 1 | 40 | 95 | 121.75 | 2 | 4 |
Science - Chemistry | 1 | 2 | 0 | 0 | 35 | 46 | 77.67 | 3 | 3 |
History - American History | 1 | 1 | 0 | 0 | 25 | 30 | 52.00 | 2 | 2 |
Science - Physics | 0 | 3 | 1 | 2 | 25 | 76 | 107.33 | 3 | 3 |
History - European History | 0 | 3 | 1 | 0 | 25 | 66 | 88.33 | 3 | 3 |
Other Academic | 1 | 0 | 0 | 0 | 15 | 24 | 24.00 | 1 | 1 |
Current Events | 0 | 1 | 0 | 0 | 10 | 91 | 91.00 | 1 | 1 |
Philosophy | 0 | 1 | 0 | 1 | 10 | 120 | 120.00 | 0 | 1 |
Science - Other Science | 0 | 1 | 1 | 0 | 5 | 78 | 78.00 | 1 | 1 |
History - World History | 0 | 1 | 1 | 0 | 5 | 117 | 117.00 | 0 | 1 |
History - Ancient History | 0 | 0 | 1 | 0 | -5 | 0.00 | 0 | 0 |